00442nam a2200145Ia 4500003000900000008004100009040001600050080002100066245008500087260003300172300001500205650001400220650004100234700002100275IN-BaIIA211028s9999 xx 000 0 eng d cIIA Library a047.1:52bVIA-18 0aVistas in astronomy : Kepler four hundred yearsbvol. 18cedited by Beer, Arthur aOxfordbPergamon Pressc1975 axix,1034p. aAstronomy aAstronomy and Astrophysics Thesaurus aBeer, Peter, ed.